| 000 | 01043nam a2200229Ia 4500 | ||
|---|---|---|---|
| 001 | 11449 | ||
| 003 | GE_BSU | ||
| 008 | 181216s||||||||xx |||||||||||||| ||und|| | ||
| 040 | _cGE_BSU | ||
| 080 | _a631.5/9(075.32)+633.2/4(075.32) | ||
| 100 | _aშ,მახათაძე; ა,მაჭარაშვილი; რ,კირვალიძე; გ,ქეშელაშვილი. | ||
| 245 | _aმიწათმოქმედების საფუძვლები და საკვებწარმოება. | ||
| 245 | _bსახელმძღვანელო სას-სამ.ტექნიკუმებისათვის. | ||
| 245 | _cრედ:გ.შალამბერიძე. | ||
| 260 | _aთბილისი. | ||
| 260 | _bგანათლება. | ||
| 260 | _c1966. | ||
| 300 | _a377გვ;22სმ. | ||
| 300 | _eილ. | ||
| 653 | _aმიწათმოქმედების საფუძვლები და საკვებწარმოება. | ||
| 942 | _cBK | ||
| 999 |
_c44646 _d44646 |
||